Algunas consideraciones sobre los delitos de omisión ...
Saved in:
| Main Author: | |
|---|---|
| Format: | Book |
| Language: | Spanish |
| Published: |
Guatemala,
1948.
|
| Subjects: | |
| Tags: |
Add Tag
No Tags, Be the first to tag this record!
|
| LEADER | 00653nam a2200217I 4500 | ||
|---|---|---|---|
| 001 | 004565415-8 | ||
| 005 | 20020606095253.2 | ||
| 008 | 940801s1948 gt 000 0 spa | ||
| 010 | |a 52019972 | ||
| 035 | 0 | |a ocm80084569 | |
| 040 | |a DLC |c HVL | ||
| 100 | 2 | |a Sáenz de Tejada Herrera, Guillermo. | |
| 245 | 1 | 0 | |a Algunas consideraciones sobre los delitos de omisión ... |
| 260 | |a Guatemala, |c 1948. | ||
| 300 | |a 51 p. |c 23 cm. | ||
| 502 | |a Tesis (abogado y notario)--Universidad de San Carlos de Guatemala. | ||
| 504 | |a Bibliography: p. 50. | ||
| 650 | 0 | |a Omission, Criminal. | |
| 650 | 0 | |a Omission, Criminal |z Guatemala. | |
| 988 | |a 20020608 | ||
| 906 | |0 DLC | ||


